000 00422cam a2200169ua 4500
020 _c10.00
041 _aeng
_h
082 _a621.8
_bMUK/EL
100 _aMukerjee, D.K .
245 _aElements of mechanical engineering /
_cD.K.Mukerjee.
_hTextual Documents
260 _aAllahabad :
_bSaroj Prakashan ,
_c1984.
300 _a225 ; .
365 _a10.00
504 _a
942 _cBK
999 _c10778
_d10778